[Event "Baltic Sea Cup 2008"]
[Site "Ronne"]
[Date "2008.08.01"]
[Round "5"]
[White "Valle, Lorenzo"]
[Black "Andersen, Dag"]
[Result "0-1"]
[WhiteElo "1573"]
[BlackElo "1944"]
[PlyCount "94"]
[EventDate "2008.07.29"]


1. e4 e5 2. Nf3 Nc6 3. Bb5 a6 4. Ba4 Nf6 5. d3 b5 6. Bb3 Bc5 7. O-O O-O 8. c3
d6 9. Be3 Bg4 10. Nbd2 Qe8 11. Qe1 Rb8 12. Bc2 Bb6 13. h3 Bd7 14. Bxb6 Rxb6 15.
a3 Nh5 16. d4 Nf4 17. Kh2 Qc8 18. Rg1 Bxh3 19. g3 Ng6 20. Bd3 Nce7 21. Qe3 h6
22. Rae1 Kh8 23. Rh1 Ng8 24. Kg1 f5 25. exf5 Bxf5 26. Nh4 Nxh4 27. Rxh4 Bxd3
28. Qxd3 exd4 29. Qxd4 d5 30. Qxd5 Rd6 31. Qg5 Qd7 32. Ne4 Rd1 33. Rxd1 Qxd1+
34. Kh2 Qf3 35. Qg4 Qd3 36. Qe6 Qf3 37. Qxa6 Rd8 38. Rf4 Qh5+ 39. Rh4 Qf3 40.
Rf4 Qh5+ 41. Rh4 Qe2 42. Qe6 Rd1 43. Qf5 Rf1 44. Kg2 Qd1 45. Qh5 Rg1+ 46. Kh2
Rh1+ 47. Kg2 Qxh5 0-1

[Event "Baltic Sea Cup 2008"]
[Site "Ronne"]
[Date "2008.08.01"]
[Round "5"]
[White "Von Wantoch, Markus"]
[Black "Hansen, Mads"]
[Result "1/2-1/2"]
[WhiteElo "1907"]
[BlackElo "2041"]
[PlyCount "63"]
[EventDate "2008.07.29"]


1. e4 c5 2. Nc3 Nc6 3. g3 g6 4. Bg2 Bg7 5. d3 d6 6. f4 e6 7. Nf3 Nge7 8. O-O
O-O 9. Be3 Qa5 10. Qd2 d5 11. exd5 exd5 12. d4 Nf5 13. Nxd5 Be6 14. Ne5 Nxe3
15. Qxe3 Nxd4 16. Qe1 Qd8 17. Ne3 Re8 18. Qf2 Rb8 19. Rad1 Qa5 20. c3 Nf5 21.
N3c4 Qa6 22. b3 b5 23. Ne3 Nxe3 24. Qxe3 Rbc8 25. Rd2 b4 26. cxb4 cxb4 27. Qd4
Rcd8 28. Qxb4 Bf8 29. Qc3 Qb6+ 30. Kh1 Bb4 31. Rxd8 Bxc3 32. Rxe8+ 1/2-1/2

[Event "Baltic Sea Cup 2008"]
[Site "Ronne"]
[Date "2008.08.01"]
[Round "5"]
[White "Welz, Peter"]
[Black "Frisk, Hans"]
[Result "1-0"]
[WhiteElo "2169"]
[BlackElo "2011"]
[PlyCount "78"]
[EventDate "2008.07.29"]


1. e4 e5 2. Nf3 Nc6 3. d4 exd4 4. Nxd4 Bb4+ 5. c3 Bc5 6. Be3 Bb6 7. Nd2 Nge7 8.
Nc4 Bxd4 9. Bxd4 Nxd4 10. Qxd4 O-O 11. O-O-O Nc6 12. Qd2 b5 13. Ne3 Rb8 14. f4
d6 15. e5 dxe5 16. Qxd8 Rxd8 17. Rxd8+ Nxd8 18. fxe5 Be6 19. c4 Nc6 20. cxb5
Nxe5 21. b3 c6 22. bxc6 Rc8 23. Kb2 Rxc6 24. Bb5 Rb6 25. Rd1 f5 26. Be2 Kf7 27.
Rd8 Ke7 28. Ra8 Rb7 29. Rh8 h6 30. g3 Rd7 31. Kc3 Nc6 32. Bd3 Nb4 33. Nxf5+
Bxf5 34. Bxf5 Nxa2+ 35. Kc4 Rc7+ 36. Kd4 Nb4 37. Rc8 Rxc8 38. Bxc8 Kd6 39. Kc4
Nc6 1-0

[Event "Baltic Sea Cup 2008"]
[Site "Ronne"]
[Date "2008.08.01"]
[Round "5"]
[White "Zachariassen, John"]
[Black "Andersen, Harry"]
[Result "1/2-1/2"]
[WhiteElo "1949"]
[BlackElo "1904"]
[PlyCount "43"]
[EventDate "2008.07.29"]


1. b3 d5 2. Bb2 c5 3. e3 Nc6 4. Nf3 Qc7 5. c4 e6 6. Nc3 dxc4 7. Bxc4 a6 8. Ne2
b5 9. Bd3 Bb7 10. Rc1 Rd8 11. Bb1 Nb4 12. Nf4 Nf6 13. a3 Nbd5 14. Ne2 Ng4 15.
O-O Ndxe3 16. fxe3 Bxf3 17. Rxf3 Qxh2+ 18. Kf1 Qh1+ 19. Ng1 Nh2+ 20. Kf2 Ng4+
21. Kf1 Nh2+ 22. Kf2 1/2-1/2

[Event "Baltic Sea Cup 2008"]
[Site "Ronne"]
[Date "2008.08.02"]
[Round "6"]
[White "Andersen, Daniel"]
[Black "Valle, Lorenzo"]
[Result "1/2-1/2"]
[WhiteElo "1969"]
[BlackElo "1573"]
[PlyCount "90"]
[EventDate "2008.07.29"]


1. c4 Nf6 2. Nc3 e5 3. Nf3 d6 4. d4 exd4 5. Nxd4 g6 6. g3 Bg7 7. Bg2 O-O 8. O-O
Na6 9. Nd5 c6 10. Nc3 Nc5 11. e4 Re8 12. Re1 Be6 13. Nxe6 Nxe6 14. h3 Nd7 15.
Qxd6 Ne5 16. Qa3 Nxc4 17. Qb4 Nb6 18. Be3 Qe7 19. Qxe7 Rxe7 20. Rad1 Nc4 21.
Bc1 Rd8 22. Bf1 Ne5 23. Kg2 Ree8 24. Be3 Nd7 25. Bxa7 Ndc5 26. Bb6 Bxc3 27.
bxc3 Rxd1 28. Rxd1 Nxe4 29. Bc4 Nxc3 30. Rd7 Nd5 31. Rxb7 Nxb6 32. Rxb6 Nd4 33.
Rb4 Ne6 34. Rb6 Nd4 35. Rb7 Ne6 36. a4 Ra8 37. Bxe6 fxe6 38. Rb4 c5 39. Rf4 Kg7
40. Kf3 h6 41. Ke3 g5 42. Rc4 Ra5 43. Kf3 Kf6 44. Ke4 h5 45. f4 g4 1/2-1/2

[Event "Baltic Sea Cup 2008"]
[Site "Ronne"]
[Date "2008.08.02"]
[Round "6"]
[White "Andersen, Harry"]
[Black "Jensen, Jan Kargaard"]
[Result "1-0"]
[WhiteElo "1904"]
[BlackElo "1813"]
[PlyCount "73"]
[EventDate "2008.07.29"]


1. e4 c5 2. Nf3 d6 3. d4 cxd4 4. Nxd4 Nf6 5. Nc3 a6 6. a4 b6 7. Bg5 Bb7 8. Bd3
e6 9. O-O Nbd7 10. f4 Be7 11. Qe1 Qc7 12. Nf3 h6 13. Bh4 e5 14. fxe5 dxe5 15.
Bg3 Bb4 16. Rd1 Bc5+ 17. Bf2 Ng4 18. Bxc5 Qxc5+ 19. Kh1 Ne3 20. b4 Qxb4 21.
Qxe3 Qxc3 22. Nh4 Qc5 23. Qh3 Nf6 24. Nf5 Bc8 25. Nxg7+ Kf8 26. Nf5 h5 27. Qf3
Be6 28. Bxa6 Rxa6 29. Rd8+ Ne8 30. Rxe8+ Kxe8 31. Ng7+ Kd8 32. Nxe6+ fxe6 33.
Qd3+ Qd4 34. Qxa6 Qxe4 35. Qxb6+ Ke7 36. Qc7+ Ke8 37. Qc8+ 1-0

[Event "Baltic Sea Cup 2008"]
[Site "Ronne"]
[Date "2008.08.02"]
[Round "6"]
[White "Andersen, Jonas Odgaard"]
[Black "Frisk, Hans"]
[Result "0-1"]
[WhiteElo "1000"]
[BlackElo "2011"]
[PlyCount "86"]
[EventDate "2008.07.29"]


1. c4 e5 2. Nc3 Nf6 3. e4 Nc6 4. Nf3 Bc5 5. g3 Ng4 6. d4 exd4 7. Nxd4 Nxf2 8.
Nxc6 bxc6 9. Qf3 Nxh1 10. Be3 Bxe3 11. Qxe3 Qf6 12. e5 Qf2+ 13. Qxf2 Nxf2 14.
Kxf2 O-O 15. Ne4 Re8 16. Re1 Rxe5 17. Ng5 Rxe1 18. Kxe1 Ba6 19. Bh3 Re8+ 20.
Kd2 Bxc4 21. Bg4 Bxa2 22. Bxd7 Rd8 23. Kc2 Rxd7 24. b3 h6 25. Ne4 f5 26. Nc3
Bxb3+ 27. Kxb3 Rd2 28. h3 Rg2 29. g4 fxg4 30. hxg4 Rg3 31. Kc4 Rxc3+ 32. Kxc3
a5 33. Kb3 c5 34. Kc4 a4 35. Kc3 g6 36. Kc4 a3 37. Kb3 h5 38. gxh5 gxh5 39.
Kxa3 h4 40. Ka4 h3 41. Kb5 h2 42. Kxc5 h1=Q 43. Kb5 Qc1 0-1

[Event "Baltic Sea Cup 2008"]
[Site "Ronne"]
[Date "2008.08.02"]
[Round "6"]
[White "Berg, Peter"]
[Black "Brinck Claussen, Bjorn"]
[Result "0-1"]
[WhiteElo "1998"]
[BlackElo "2296"]
[PlyCount "60"]
[EventDate "2008.07.29"]


1. d4 Nf6 2. Nf3 g6 3. Nc3 d5 4. Bf4 Bg7 5. e3 c6 6. Be2 Nbd7 7. Ne5 Ne4 8.
Nxd7 Bxd7 9. Nxe4 dxe4 10. O-O O-O 11. c3 Be6 12. Qc2 f5 13. Rfd1 h6 14. c4 g5
15. Be5 Bxe5 16. dxe5 Qc7 17. Qc3 c5 18. f4 exf3 19. Bxf3 Rad8 20. Bd5 Bf7 21.
Bxf7+ Kxf7 22. e6+ Kxe6 23. Qg7 Rf6 24. e4 fxe4 25. Qh7 Qf4 26. Re1 e3 27. Qc2
Rd4 28. b3 Kd6 29. Rf1 Rd2 30. Qc3 Qd4 0-1

[Event "Baltic Sea Cup 2008"]
[Site "Ronne"]
[Date "2008.08.02"]
[Round "6"]
[White "Caceres, Cipriano Sande"]
[Black "Zachariassen, John"]
[Result "0-1"]
[WhiteElo "1792"]
[BlackElo "1949"]
[PlyCount "82"]
[EventDate "2008.07.29"]


1. c4 g6 2. g3 Bg7 3. Bg2 Nf6 4. Nf3 O-O 5. O-O d6 6. Nc3 c6 7. d4 Nbd7 8. b3
Rb8 9. Rb1 b5 10. cxb5 cxb5 11. e3 a6 12. Bb2 Nb6 13. Rc1 b4 14. Ne2 Bd7 15.
Ng5 a5 16. Ne4 Nfd5 17. Nd2 Rc8 18. Nc4 Nxc4 19. Rxc4 Rxc4 20. bxc4 Nb6 21. Qc2
Ba4 22. Qd3 Qd7 23. Rc1 d5 24. cxd5 Bb5 25. Qd1 Nxd5 26. Rc5 Nb6 27. Nf4 Na4
28. Rc2 e5 29. Nd5 Nxb2 30. Rxb2 exd4 31. exd4 Rd8 32. Qf3 Qd6 33. Rd2 Kf8 34.
Ne3 Kg8 35. d5 Bc3 36. Rc2 Re8 37. Ng4 Re1+ 38. Bf1 Bxf1 39. Nh6+ Kg7 40. Qxf7+
Kxh6 41. g4 Bh3# 0-1

[Event "Baltic Sea Cup 2008"]
[Site "Ronne"]
[Date "2008.08.02"]
[Round "6"]
[White "Christensen, John"]
[Black "Urkedal, Frode Olav Olsen"]
[Result "0-1"]
[WhiteElo "2116"]
[BlackElo "2299"]
[PlyCount "62"]
[EventDate "2008.07.29"]


1. Nf3 Nf6 2. c4 c5 3. Nc3 b6 4. g3 Bb7 5. Bg2 e6 6. O-O Be7 7. d4 cxd4 8. Nxd4
Bxg2 9. Kxg2 O-O 10. e4 Qc7 11. Qe2 d6 12. Kg1 a6 13. Bd2 Nbd7 14. Rac1 Rac8
15. b3 Rfe8 16. Be3 Qb7 17. f3 Bf8 18. g4 g6 19. Qd2 Rc7 20. Nde2 Rec8 21. Bd4
b5 22. cxb5 axb5 23. a4 bxa4 24. bxa4 Ne5 25. a5 Nfd7 26. Rb1 Qa6 27. Ra1 Nc5
28. Bxe5 dxe5 29. Rfb1 Rd7 30. Qc2 Nd3 31. Rb6 Bc5+ 0-1

[Event "Baltic Sea Cup 2008"]
[Site "Ronne"]
[Date "2008.08.02"]
[Round "6"]
[White "Christensen, Klaus"]
[Black "Hansen, Martin"]
[Result "1/2-1/2"]
[WhiteElo "2034"]
[BlackElo "2128"]
[PlyCount "53"]
[EventDate "2008.07.29"]


1. d4 d5 2. c4 c6 3. Nf3 Nf6 4. Qc2 e6 5. g3 Nbd7 6. Bg2 Be7 7. O-O O-O 8. Rd1
b6 9. a4 Bb4 10. Bd2 Qe7 11. Qb3 Bd6 12. Nc3 Ba6 13. cxd5 exd5 14. e3 Rfe8 15.
Rdc1 Rab8 16. Qc2 c5 17. a5 Bb7 18. axb6 axb6 19. Ra7 Bc6 20. Nh4 g6 21. Bf1
Ra8 22. Rca1 Rxa7 23. Rxa7 Bb8 24. Ra6 Bb7 25. Ra1 Ng4 26. Nf3 Qd6 27. Bg2
1/2-1/2

[Event "Baltic Sea Cup 2008"]
[Site "Ronne"]
[Date "2008.08.02"]
[Round "6"]
[White "Hansen, Mads"]
[Black "Schmidt, Horst Hubert"]
[Result "1-0"]
[WhiteElo "2041"]
[BlackElo "1925"]
[PlyCount "77"]
[EventDate "2008.07.29"]


1. e4 g6 2. d4 Bg7 3. Nc3 c6 4. Nf3 Nf6 5. Bd3 d6 6. O-O Bg4 7. h3 Bxf3 8. Qxf3
Nbd7 9. Re1 e5 10. d5 O-O 11. Bg5 h6 12. Bh4 g5 13. Bg3 h5 14. Qf5 h4 15. Bh2
Nh5 16. Rad1 c5 17. Nb5 Qe7 18. c4 a6 19. Nc3 Bh6 20. Qf3 Ng7 21. a3 Qf6 22.
Qg4 Rad8 23. b4 Qg6 24. Kh1 f5 25. exf5 Nxf5 26. Bxf5 Rxf5 27. Ne4 Nf6 28.
Nxf6+ Qxf6 29. bxc5 Bf8 30. f4 exf4 31. Re6 Qf7 32. Bxf4 Rxf4 33. Qxg5+ Kh8 34.
Qxd8 Rf1+ 35. Rxf1 Qxf1+ 36. Kh2 Qf4+ 37. Kg1 Qd4+ 38. Kh1 Qf4 39. Qf6+ 1-0

[Event "Baltic Sea Cup 2008"]
[Site "Ronne"]
[Date "2008.08.02"]
[Round "6"]
[White "Hansen, Thomas"]
[Black "Knof, Henrike"]
[Result "1-0"]
[WhiteElo "1364"]
[BlackElo "1477"]
[PlyCount "49"]
[EventDate "2008.07.29"]


1. e4 e5 2. Nf3 Nc6 3. Nc3 Nf6 4. Bc4 Bc5 5. a3 d6 6. d3 h6 7. Na4 Bb6 8. Nxb6
axb6 9. h3 O-O 10. O-O Nh5 11. Ba2 Qf6 12. Nxe5 Qxe5 13. f4 Qd4+ 14. Kh2 Nf6
15. c3 Qc5 16. f5 d5 17. d4 Qd6+ 18. Bf4 Qd8 19. e5 Ne4 20. f6 g5 21. Qh5 Nxf6
22. exf6 Qxf6 23. Be5 Qg6 24. Qxg6+ fxg6 25. Bxd5+ 1-0

[Event "Baltic Sea Cup 2008"]
[Site "Ronne"]
[Date "2008.08.02"]
[Round "6"]
[White "Johansen, Johnny Holler"]
[Black "Von Wantoch, Markus"]
[Result "1/2-1/2"]
[WhiteElo "2029"]
[BlackElo "1907"]
[PlyCount "56"]
[EventDate "2008.07.29"]


1. e4 d5 2. exd5 Nf6 3. Nc3 Nxd5 4. Bc4 e6 5. d4 Bb4 6. Bd2 Nc6 7. Nf3 O-O 8.
O-O b6 9. Re1 Bb7 10. Bd3 Nf6 11. Bg5 Be7 12. Qe2 Nxd4 13. Nxd4 Qxd4 14. Rad1
Qc5 15. Bf4 Bd6 16. Be3 Qh5 17. Qxh5 Nxh5 18. Nb5 Bf4 19. Bxf4 Nxf4 20. Be4
Bxe4 21. Rxe4 Rad8 22. Rde1 Nd5 23. Nxa7 Ra8 24. Ra4 Ne7 25. Ra3 Rfd8 26. Nb5
Rxa3 27. Nxa3 Kf8 28. Kf1 Nf5 1/2-1/2

[Event "Baltic Sea Cup 2008"]
[Site "Ronne"]
[Date "2008.08.02"]
[Round "6"]
[White "Khenkin, Igor"]
[Black "Golod, Vitali"]
[Result "1/2-1/2"]
[WhiteElo "2655"]
[BlackElo "2578"]
[PlyCount "20"]
[EventDate "2008.07.29"]


1. c4 e5 2. Nc3 Nf6 3. Nf3 Nc6 4. a3 g6 5. g3 Bg7 6. Bg2 O-O 7. O-O d5 8. cxd5
Nxd5 9. Qc2 Bg4 10. Nxd5 Qxd5 1/2-1/2

[Event "Baltic Sea Cup 2008"]
[Site "Ronne"]
[Date "2008.08.02"]
[Round "6"]
[White "Kraft, Rene"]
[Black "Koop, Th Boerge"]
[Result "0-1"]
[WhiteElo "1663"]
[BlackElo "1568"]
[PlyCount "80"]
[EventDate "2008.07.29"]


1. c4 e6 2. Nc3 Nf6 3. b3 d5 4. cxd5 exd5 5. Qc2 c5 6. Nf3 Nc6 7. e3 d4 8. Ne4
Nb4 9. Nxf6+ Qxf6 10. Qe4+ Qe7 11. Bb5+ Kd8 12. Qxe7+ Bxe7 13. O-O Bf6 14. exd4
cxd4 15. Bb2 Nc2 16. Rac1 Bf5 17. d3 a6 18. Bc4 b5 19. Rxc2 bxc4 20. Bxd4 Bxd4
21. Nxd4 Bxd3 22. Nc6+ Kc7 23. Nb4 Bxc2 24. Nxc2 cxb3 25. axb3 Rab8 26. Rc1
Rhc8 27. g3 Kb6 28. Kf1 Rc3 29. Ke2 Rd8 30. h4 a5 31. Ke1 Rdc8 32. Kd2 Rxb3 33.
Nd4 Rb2+ 34. Nc2 a4 35. Kd1 a3 36. Nxa3 Rxc1+ 37. Kxc1 Rxf2 38. Nc4+ Kc5 39.
Ne5 Kd6 40. Nd3 Rf3 0-1

[Event "Baltic Sea Cup 2008"]
[Site "Ronne"]
[Date "2008.08.02"]
[Round "6"]
[White "Kristensen, Kaare Hove"]
[Black "Marzano, Carlo"]
[Result "0-1"]
[WhiteElo "2259"]
[BlackElo "2177"]
[PlyCount "78"]
[EventDate "2008.07.29"]


1. e4 Nc6 2. d4 d5 3. Nc3 e5 4. dxe5 d4 5. Nd5 f5 6. exf6 Nxf6 7. Bg5 Be6 8.
Nxf6+ gxf6 9. Bd2 Qd7 10. Ne2 O-O-O 11. Nf4 Bc5 12. Be2 Ne5 13. O-O Bb6 14.
Nxe6 Qxe6 15. Kh1 h5 16. Bxh5 Rh7 17. Bf4 d3 18. Bxe5 Qxe5 19. Bg4+ Kb8 20. f4
Qxe4 21. Qf3 Qxf3 22. Bxf3 d2 23. Rad1 Re7 24. g3 Be3 25. Kg2 Rd6 26. Be2 c5
27. b3 a6 28. a4 Kc7 29. Bd3 Kb6 30. h4 Ka5 31. h5 Kb4 32. Kf3 Kc3 33. h6 f5
34. Rh1 Bd4 35. Bxf5 Re3+ 36. Kg4 Bh8 37. Bd3 Rdxd3 38. cxd3 Kc2 39. Rhg1 Bd4
0-1

[Event "Baltic Sea Cup 2008"]
[Site "Ronne"]
[Date "2008.08.02"]
[Round "6"]
[White "Kristensen, Torben"]
[Black "Jannik, Morten Emil"]
[Result "1/2-1/2"]
[WhiteElo "1262"]
[BlackElo "1534"]
[PlyCount "76"]
[EventDate "2008.07.29"]


1. d4 d5 2. Nf3 c6 3. Bf4 Nf6 4. e3 Bg4 5. h3 Bxf3 6. Qxf3 e6 7. Bd3 Bd6 8. Nd2
Qc7 9. O-O Bxf4 10. Qxf4 Qxf4 11. exf4 Nbd7 12. Rfe1 O-O 13. Nf3 Rac8 14. f5
Rfe8 15. a4 Re7 16. g4 Rce8 17. g5 Nh5 18. g6 Nf4 19. Re3 Nxh3+ 20. Kf1 Nf4 21.
gxh7+ Kh8 22. fxe6 Nxe6 23. Rae1 Nf6 24. Ne5 Rf8 25. Bg6 Nf4 26. Nxf7+ Rexf7
27. Bxf7 Rxf7 28. Re7 Rf8 29. Rxb7 Ne4 30. Rxa7 Nd2+ 31. Kg1 Nf3+ 32. Kf1 Nh2+
33. Kg1 Nf3+ 34. Kf1 Nd2+ 35. Kg1 Nf3+ 36. Kf1 Nd2+ 37. Kg1 Nf3+ 38. Kf1 Nh2+
1/2-1/2

[Event "Baltic Sea Cup 2008"]
[Site "Ronne"]
[Date "2008.08.02"]
[Round "6"]
[White "Kristiansen, Orla"]
[Black "Jensen, Byrial"]
[Result "1-0"]
[WhiteElo "1940"]
[BlackElo "1656"]
[PlyCount "69"]
[EventDate "2008.07.29"]


1. c4 f5 2. Nc3 Nf6 3. Nf3 g6 4. g3 Bg7 5. Bg2 O-O 6. O-O c6 7. d3 d6 8. Rb1 e5
9. b3 Na6 10. Bb2 Rb8 11. a4 Nc7 12. b4 b5 13. c5 bxa4 14. cxd6 Qxd6 15. Nxa4
Bd7 16. Bxe5 Qe7 17. Bxc7 Rxb4 18. Rxb4 Qxb4 19. Qc2 Rc8 20. Rb1 Qa3 21. Be5 c5
22. Nc3 Qa6 23. Qa2+ Qxa2 24. Nxa2 a5 25. Nd2 a4 26. Rb8 Rxb8 27. Bxb8 Be6 28.
Nc4 Nd7 29. Bc7 Kf7 30. Kf1 a3 31. Ke1 Bxc4 32. dxc4 Ne5 33. Bd6 Nd7 34. Bd5+
Kf6 35. Kd1 1-0

[Event "Baltic Sea Cup 2008"]
[Site "Ronne"]
[Date "2008.08.02"]
[Round "6"]
[White "Kuzubov, Yuriy"]
[Black "Evdokimov, Alexander A"]
[Result "1-0"]
[WhiteElo "2578"]
[BlackElo "2555"]
[PlyCount "87"]
[EventDate "2008.07.29"]


1. d4 Nf6 2. c4 c5 3. d5 g6 4. Nc3 Bg7 5. e4 O-O 6. Nf3 d6 7. Bd3 e6 8. O-O
exd5 9. exd5 Bg4 10. h3 Bxf3 11. Qxf3 Nbd7 12. Qd1 a6 13. a4 Ne8 14. Bd2 Bd4
15. Kh2 Ng7 16. f4 Qb6 17. Ne2 Bf6 18. a5 Qc7 19. Qc2 Rae8 20. g4 h6 21. Kg2
Re7 22. Ng3 b5 23. axb6 Qxb6 24. Rab1 Bd4 25. b3 Qd8 26. Rbe1 Rxe1 27. Rxe1 Re8
28. Qd1 Rxe1 29. Qxe1 Qf8 30. Bc2 Qd8 31. Ba5 Qf8 32. Qe2 Ne8 33. h4 Ndf6 34.
g5 hxg5 35. hxg5 Nd7 36. Bd8 Ng7 37. Qe7 Qe8 38. f5 Kh7 39. f6 Qxe7 40. Bxe7
Ne8 41. Ne4 Be3 42. Bd1 a5 43. Bd8 Ne5 44. Be2 1-0

[Event "Baltic Sea Cup 2008"]
[Site "Ronne"]
[Date "2008.08.02"]
[Round "6"]
[White "Larsen, Bjorn H"]
[Black "Rostgaard, Tobias Valentin"]
[Result "0-1"]
[WhiteElo "1940"]
[BlackElo "2035"]
[PlyCount "88"]
[EventDate "2008.07.29"]


1. g3 d5 2. f4 Nf6 3. Bg2 g6 4. Nf3 Bg7 5. O-O c6 6. d3 Qb6+ 7. Kh1 O-O 8. c3
Ng4 9. Qe1 Ne3 10. Bxe3 Qxe3 11. Qf2 Qxf2 12. Rxf2 Nd7 13. Nbd2 a5 14. e4 Nc5
15. Ne1 dxe4 16. Nxe4 Nxe4 17. Bxe4 a4 18. a3 c5 19. Rd1 Rb8 20. Nc2 Rd8 21. d4
Be6 22. Rfd2 Bg4 23. Re1 b5 24. d5 Kf8 25. Kg2 Bc8 26. Kf2 Bb7 27. Ke3 Rd6 28.
Red1 Rbd8 29. Bd3 Ba6 30. Be4 Ke8 31. Kf2 Kd7 32. Ne3 Kc7 33. Bd3 Kb6 34. c4
Bd4 35. cxb5 Bxb5 36. Be4 f5 37. Bf3 e6 38. g4 fxg4 39. Bxg4 exd5 40. Kf3 h5
41. Bh3 Rf8 42. Rg2 Bc6 43. Rg5 Bxe3 44. Kxe3 d4+ 0-1

[Event "Baltic Sea Cup 2008"]
[Site "Ronne"]
[Date "2008.08.02"]
[Round "6"]
[White "Madsen, Jens Finnerup"]
[Black "Hein, Jacob"]
[Result "1/2-1/2"]
[WhiteElo "1162"]
[BlackElo "1603"]
[PlyCount "107"]
[EventDate "2008.07.29"]


1. e4 d5 2. c3 Nc6 3. Bb5 a6 4. Bxc6+ bxc6 5. e5 Bb7 6. d4 e6 7. Nf3 c5 8. Qa4+
c6 9. Be3 Qb6 10. Qc2 Ne7 11. O-O Nf5 12. Nbd2 Be7 13. b3 Rc8 14. Rac1 cxd4 15.
Nxd4 Nxe3 16. fxe3 c5 17. N4f3 O-O 18. Rce1 f5 19. Kh1 g5 20. g3 d4 21. c4 g4
22. Kg1 gxf3 23. Nxf3 Be4 24. Qf2 Bd3 25. Kh1 Bxf1 26. Rxf1 d3 27. Rd1 Rcd8 28.
Qd2 Qc6 29. Kg2 Bg5 30. Kf2 Bh6 31. Rg1 Qe4 32. Rd1 Rf7 33. Qe1 Rfd7 34. Nd2
Qxe5 35. Nf3 Qe4 36. Nd2 Qg4 37. Nf3 Kf7 38. Ne5+ Ke7 39. Nxg4 fxg4 40. Kg2 Rf8
41. h3 gxh3+ 42. Kxh3 Rf3 43. Qc3 Rxe3 44. Qa5 Re5 45. Qc3 Re3 46. Qa5 Re5 47.
b4 Rh5+ 48. Kg2 Be3 49. bxc5 Rxc5 50. Qc3 Bh6 51. Qh8 Kd6 52. Qb8+ Ke7 53. Qh8
Kd6 54. Qb8+ 1/2-1/2

[Event "Baltic Sea Cup 2008"]
[Site "Ronne"]
[Date "2008.08.02"]
[Round "6"]
[White "Medvegy, Nora"]
[Black "Andersen, Rune"]
[Result "1-0"]
[WhiteElo "2353"]
[BlackElo "2143"]
[PlyCount "77"]
[EventDate "2008.07.29"]


1. e4 c5 2. Nf3 Nc6 3. Bb5 g6 4. O-O Bg7 5. Re1 Nf6 6. e5 Nd5 7. Nc3 Nc7 8.
Bxc6 bxc6 9. d4 cxd4 10. Qxd4 Ne6 11. Qh4 h6 12. Ne4 Qc7 13. Bd2 Bb7 14. Bc3 g5
15. Qg4 O-O-O 16. Ng3 Rdg8 17. Nf5 Bf8 18. Qa4 c5 19. Nd2 h5 20. Ne4 Kb8 21.
Rad1 Bc6 22. Qc4 Qb7 23. a4 h4 24. Ba5 g4 25. Rd3 Ka8 26. Rb3 Qc8 27. Nxc5 g3
28. fxg3 h3 29. gxh3 Rxh3 30. Nxe6 fxe6 31. Nd4 Rgh8 32. Nxc6 dxc6 33. Re2 Bg7
34. Rc3 Kb7 35. Qb4+ Ka8 36. Qc5 R3h5 37. Qxc6+ Qxc6 38. Rxc6 Bxe5 39. Bc3 1-0

[Event "Baltic Sea Cup 2008"]
[Site "Ronne"]
[Date "2008.08.02"]
[Round "6"]
[White "Mejlvang, Jens Peter"]
[Black "Hansen, Soren Otto"]
[Result "1-0"]
[WhiteElo "1845"]
[BlackElo "1682"]
[PlyCount "99"]
[EventDate "2008.07.29"]


1. e4 e5 2. Nf3 Nc6 3. d4 exd4 4. Bc4 Be7 5. O-O d6 6. Nxd4 Nxd4 7. Qxd4 Bf6 8.
Qe3 Ne7 9. c3 O-O 10. f4 Ng6 11. Qf3 Be6 12. Bd3 c6 13. Be3 Qc7 14. Nd2 Rae8
15. Kh1 Bd8 16. Bd4 f5 17. exf5 Bxf5 18. Bxf5 Rxf5 19. g3 c5 20. Bf2 Ne5 21.
Qd5+ Kh8 22. fxe5 Rfxe5 23. Rae1 Qd7 24. Rxe5 Rxe5 25. Bxc5 Qe8 26. Qf3 Bf6 27.
Bd4 Re6 28. Bxf6 Rxf6 29. Qxb7 Re6 30. Qf7 Qc6+ 31. Qf3 Qxf3+ 32. Rxf3 Kg8 33.
Rf2 d5 34. Nb3 Ra6 35. a3 Rb6 36. Nd4 a5 37. Kg2 a4 38. Kf1 g6 39. Ke1 Kg7 40.
Kd1 g5 41. Kc2 g4 42. Rf5 Kg6 43. Rxd5 Rf6 44. Re5 h5 45. Re6 Rxe6 46. Nxe6 h4
47. b4 axb3+ 48. Kxb3 Kf5 49. gxh4 Kg6 50. Nf4+ 1-0

[Event "Baltic Sea Cup 2008"]
[Site "Ronne"]
[Date "2008.08.02"]
[Round "6"]
[White "Nielsen, Nicholas Roland"]
[Black "Jahncke, Giso"]
[Result "1-0"]
[WhiteElo "2198"]
[BlackElo "2052"]
[PlyCount "71"]
[EventDate "2008.07.29"]


1. e4 c5 2. Nf3 Nc6 3. d4 cxd4 4. Nxd4 Nf6 5. Nc3 e5 6. Ndb5 d6 7. Bg5 a6 8.
Na3 b5 9. Nd5 Be7 10. Bxf6 Bxf6 11. c3 O-O 12. Nc2 Rb8 13. Be2 Bg5 14. h4 Be7
15. Nce3 Be6 16. Qd2 Qd7 17. g4 a5 18. Nf5 Bxf5 19. gxf5 f6 20. Rg1 Kh8 21. Bh5
b4 22. Qe2 bxc3 23. bxc3 Bd8 24. Bg6 Ne7 25. Qh5 Nxg6 26. fxg6 h6 27. Ne3 Qc6
28. Kf1 Rb2 29. Rg2 f5 30. Nxf5 Kg8 31. Nxh6+ gxh6 32. Qxh6 Rbxf2+ 33. Rxf2
Rxf2+ 34. Kxf2 Bb6+ 35. Kf3 Qxc3+ 36. Kg4 1-0

[Event "Baltic Sea Cup 2008"]
[Site "Ronne"]
[Date "2008.08.02"]
[Round "6"]
[White "Poulsen, Iver"]
[Black "Lund, Silas"]
[Result "1/2-1/2"]
[WhiteElo "2147"]
[BlackElo "2431"]
[PlyCount "65"]
[EventDate "2008.07.29"]


1. e4 c5 2. Nf3 Nc6 3. d4 cxd4 4. Nxd4 Nf6 5. Nc3 d6 6. f3 e5 7. Nb3 Be7 8. Be3
Be6 9. Qd2 d5 10. exd5 Nxd5 11. Nxd5 Qxd5 12. Qxd5 Bxd5 13. O-O-O O-O-O 14. Be2
Kc7 15. c4 Be6 16. Rxd8 Rxd8 17. Rd1 Re8 18. Nc5 Bf5 19. Bd3 Bxc5 20. Bxc5 Bxd3
21. Rxd3 Re6 22. b3 f5 23. Kd1 h5 24. Ke2 g5 25. h3 b6 26. Bf8 Nd4+ 27. Kf2 f4
28. Ba3 Nc2 29. Bb2 e4 30. fxe4 Rxe4 31. Rd2 g4 32. Bf6 Re6 33. Rd4 1/2-1/2

[Event "Baltic Sea Cup 2008"]
[Site "Ronne"]
[Date "2008.08.02"]
[Round "6"]
[White "Roiz, Michael"]
[Black "Hansen, Lars Bo"]
[Result "1/2-1/2"]
[WhiteElo "2680"]
[BlackElo "2569"]
[PlyCount "46"]
[EventDate "2008.07.29"]


1. d4 d5 2. c4 c6 3. Nf3 Nf6 4. Nc3 e6 5. Bg5 Nbd7 6. Qb3 Be7 7. e3 O-O 8. Bd3
dxc4 9. Qxc4 a6 10. O-O h6 11. Bh4 Ra7 12. b4 b6 13. Rfd1 Bb7 14. e4 Nh5 15.
Bxe7 Qxe7 16. Bc2 a5 17. a3 Ba6 18. Qb3 Nf4 19. Re1 Bd3 20. g3 Bxc2 21. Qxc2
Ng6 22. bxa5 Rxa5 23. a4 e5 1/2-1/2

[Event "Baltic Sea Cup 2008"]
[Site "Ronne"]
[Date "2008.08.02"]
[Round "6"]
[White "Rothwell, Jonathan"]
[Black "Holt, Michael"]
[Result "0-1"]
[WhiteElo "1700"]
[BlackElo "1000"]
[PlyCount "100"]
[EventDate "2008.07.29"]


1. c4 Nf6 2. Nc3 e5 3. d3 d6 4. g3 Bd7 5. Bg2 Nc6 6. e4 Be7 7. Nge2 O-O 8. O-O
Nb4 9. a3 Na6 10. b4 c6 11. f4 Qc7 12. fxe5 dxe5 13. Be3 b6 14. Kh1 Qb7 15. Rb1
Nc7 16. Ng1 Nfe8 17. Bh3 Bxh3 18. Nxh3 a6 19. Bg5 Bxg5 20. Nxg5 f6 21. Nxh7
Kxh7 22. Qh5+ Kg8 23. Qg6 Ne6 24. Rf5 Qf7 25. Qg4 g5 26. Ne2 N6g7 27. Rf2 b5
28. cxb5 axb5 29. h4 Qe6 30. Qxe6+ Nxe6 31. hxg5 Nxg5 32. Rc1 Rxa3 33. Rxc6 Kg7
34. d4 Nxe4 35. Kg2 Nxf2 36. Kxf2 Ra2 37. d5 Rd2 38. Rc5 Rh8 39. Ke3 Rb2 40.
Rxb5 Rb3+ 41. Ke4 Rh2 42. Nc1 Rxg3 43. Rb6 Rh4+ 44. Kf5 Rg5+ 45. Ke6 Nc7+ 46.
Kd6 Rc4 47. Rc6 Nb5+ 48. Kd7 Rxb4 49. Rb6 e4 50. d6 Rd5 0-1

[Event "Baltic Sea Cup 2008"]
[Site "Ronne"]
[Date "2008.08.02"]
[Round "6"]
[White "Svanholm, Borge Waaktaar"]
[Black "Lilleoren, Morten"]
[Result "1/2-1/2"]
[WhiteElo "2003"]
[BlackElo "2105"]
[PlyCount "110"]
[EventDate "2008.07.29"]


1. c4 c5 2. Nf3 Nf6 3. d4 g6 4. g3 Bg7 5. Bg2 O-O 6. O-O cxd4 7. Nxd4 Nc6 8.
Nc3 Nxd4 9. Qxd4 d6 10. Qd2 Rb8 11. b3 a6 12. Bb2 Be6 13. Rac1 Qa5 14. Rfd1
Rfc8 15. e4 b5 16. cxb5 axb5 17. h3 b4 18. Na4 Bd7 19. Rxc8+ Rxc8 20. a3 Bxa4
21. axb4 Qb5 22. bxa4 Qxa4 23. Ra1 Qb3 24. Ra3 Nxe4 25. Bxe4 Qxb2 26. Qxb2 Bxb2
27. Rb3 Bd4 28. b5 Rb8 29. Kf1 Kf8 30. Ke2 f5 31. Bc6 e5 32. f3 Ke7 33. g4 Kf6
34. Kf1 Kg5 35. Kg2 h5 36. Kg3 hxg4 37. hxg4 Bb6 38. Rd3 Rd8 39. gxf5 gxf5 40.
Rd1 Kf6 41. Kg2 Rg8+ 42. Kh2 Ke7 43. Bd5 Rh8+ 44. Kg3 Kd7 45. Rc1 Bc5 46. Ra1
Kc7 47. Ra6 Bb6 48. Ra2 Re8 49. Rc2+ Bc5 50. Re2 Kb6 51. Bc6 Rg8+ 52. Kh2 Rg7
53. Ra2 Ra7 54. Rxa7 Kxa7 55. Kg2 Kb6 1/2-1/2